Global Civilization and Local Cultures: A crude Look at the Whole /

Spremljeno u:
Bibliografski detalji
Glavni autor: Schäfer, Wolf
Format: Tekst
Teme:
Oznake: Dodaj oznaku
Bez oznaka, Budi prvi tko označuje ovaj zapis!

MARC

LEADER 00000 a a2200000 04500
001 8794
003
040
100 |a Schäfer, Wolf  
245 |a Global Civilization and Local Cultures:   |b A crude Look at the Whole /  |c Wolf Schäfer 
650 |a CIVILIZACION  
650 |a CULTURA  
650 |a GLOBALIZACION  
650 |a ANALISIS HISTORICO  
773 |g volumen 16, número 3; páginas 301-319  
999 |c 39967  |d 39967